| 000 | 00462nam a2200193Ia 4500 | ||
|---|---|---|---|
| 003 | OSt | ||
| 005 | 20251120145414.0 | ||
| 008 | 250729s1979 xx 000 0 und d | ||
| 020 | _a978-93-87531-51-2 | ||
| 040 | _cAL | ||
| 041 | _aeng | ||
| 082 | _a500.7 REAN | ||
| 100 |
_aReay Judith _9224607 |
||
| 245 | _aNew trends in integrated science teaching vol-V | ||
| 260 |
_aFrance _c1979 |
||
| 300 | _a238p | ||
| 650 |
_aScience _9224608 |
||
| 942 |
_2ddc _cBED |
||
| 999 |
_c236494 _d236494 |
||